000 00560cam a22002053a 4500
001 38532
003 PGUSA
005 20140828083841.0
008 120109s2012||||xxu|||||s|||||000 | eng d
040 _aPGUSA
_beng
042 _adc
100 1 _aO'Rell, Max,
_d1848-1903
245 1 0 _aWoman and Artist
_h[electronic resource] /
_cMax O'Rell
260 _bProject Gutenberg,
_c2012
506 _aPublic domain in the USA.
516 _aElectronic text
830 0 _aProject Gutenberg
_v38532
856 4 0 _uhttp://www.gutenberg.org/ebooks/38532
942 _cEB
999 _c267786
_d267786